000 00352nam a2200133Ia 4500
008 240624s9999 xx 000 0 und d
041 _aeng
082 _a306.09 ROS
100 _aROSZAK THEODORE
245 _aMAKING OF A COUNTER CULTURE REFLECTIONS
260 _c1995
_aBerkeley
_bUniversity of California Press
300 _a310 : p.
365 _c
_b26
999 _c24286
_d24286